Afrique et la Cour pénale internationale (2005-2016) (Record no. 7521)

MARC details
000 -LEADER
fixed length control field 00685nam a2200253Mc 4500
001 - CONTROL NUMBER
control field ocn962102858
003 - CONTROL NUMBER IDENTIFIER
control field TZ-ArACH
005 - DATE AND TIME OF LATEST TRANSACTION
control field 20251125144142.0
020 ## - INTERNATIONAL STANDARD BOOK NUMBER
International Standard Book Number 9786204843803
049 ## - LOCAL HOLDINGS (OCLC)
Holding library TZAA
050 ## - LIBRARY OF CONGRESS CALL NUMBER
Classification number K7311
Item number .N36 2022
100 1# - MAIN ENTRY--PERSONAL NAME
Personal name Ng'ang'ira, Samuel
245 13 - TITLE STATEMENT
Title Afrique et la Cour pénale internationale (2005-2016)
Statement of responsibility, etc Samuel Ng'ang'ira,
260 ## - PUBLICATION, DISTRIBUTION, ETC. (IMPRINT)
Place of publication, distribution, etc Paris,
Name of publisher, distributor, etc Editions Notre Savoir
Date of publication, distribution, etc 2022
300 ## - PHYSICAL DESCRIPTION
Extent 76 p.
Dimensions 21 cm.
653 ## - INDEX TERM--UNCONTROLLED
Uncontrolled term Afrique
653 ## - INDEX TERM--UNCONTROLLED
Uncontrolled term cour penale internationale
653 ## - INDEX TERM--UNCONTROLLED
Uncontrolled term Crime de guerre
653 ## - INDEX TERM--UNCONTROLLED
Uncontrolled term Union Africaine
653 ## - INDEX TERM--UNCONTROLLED
Uncontrolled term Statut de Rome
653 ## - INDEX TERM--UNCONTROLLED
Uncontrolled term Crime contre l'humanite
653 ## - INDEX TERM--UNCONTROLLED
Uncontrolled term Dirigeants africains
942 ## - ADDED ENTRY ELEMENTS (KOHA)
Source of classification or shelving scheme Library of Congress Classification
Koha item type Books
Holdings
Home library Current library Date acquired Full call number Barcode Koha item type
African Court on Human and Peoples' Rights Library African Court on Human and Peoples' Rights Library 25/11/2025 KZ7311 .N36 2022 10043713 Books

African Court on Human and Peoples' Rights | For Inquiries Contact » +255 272 510 510